| 000 | 004340000a22001810004500 | ||
|---|---|---|---|
| 003 | MACL | ||
| 005 | 20160106171040.0 | ||
| 008 | 160106b xxu||||| |||| 00| 0 eng d | ||
| 040 |
_aMACL _cMACL |
||
| 041 | _aEnglish | ||
| 082 | _a910.4/GUN | ||
| 100 |
_aGunther, John _929020 |
||
| 245 | _aInside Europe Today | ||
| 260 |
_bHamish Hamilton _c1961 _aLondon |
||
| 350 | _a25 | ||
| 650 |
_aTravel _929021 |
||
| 942 |
_cBK _k910.4/GUN _2ddc |
||
| 999 |
_c35600 _d35600 |
||